| 000 | 00712nam a2200217Ia 4500 | ||
|---|---|---|---|
| 003 | OSt | ||
| 005 | 20250131125540.0 | ||
| 008 | 210716s1992 xx 000 0 und d | ||
| 040 | _cAIMIT LIBRARY | ||
| 041 | _aeng | ||
| 082 |
_a006.620288 _21 _bSHES |
||
| 100 |
_aShell, Stanley. _9196643 |
||
| 245 |
_aPC data handbook : _bspecifications for maintenance repair and upgrade of the ibm pc ps/2 and compatibles / _cBy Stanley Shell. |
||
| 250 | _a1st ed. | ||
| 260 |
_aNew Delhi : _bBPB Publications , _c1992. |
||
| 300 |
_axiv,359p. ; _bPB _c22.2 cm |
||
| 650 |
_aMemory maps _9196644 |
||
| 650 |
_aHard disk drive _9196645 |
||
| 650 |
_aCard bracket position _9196646 |
||
| 942 |
_2ddc _cBK _e1st _k006.620288 SHES |
||
| 999 |
_c182895 _d182895 |
||